|
|
|
|
| LEADER |
01994nam a22004692a 4500 |
| 001 |
000781865 |
| 003 |
CZ BrMZK |
| 005 |
20190613125549.0 |
| 007 |
ta |
| 008 |
050711s1973 xr abf grf 000 0 cze d |
| 015 |
|
|
|a cnb000441310
|
| 035 |
|
|
|a (OCoLC)42186257
|
| 035 |
|
|
|a (OCoLC)42186257
|
| 040 |
|
|
|a ABA001
|b cze
|c OSA001
|d ABA001
|d BOA001
|
| 043 |
|
|
|a e-xr---
|b e-xr-mr
|2 czenas
|b e-xr-sl
|
| 072 |
|
7 |
|a 913(437)
|x Geografie Česka a Slovenska, reálie, cestování
|2 Konspekt
|9 7
|
| 080 |
|
|
|a 913(437.32)
|2 MRF
|
| 080 |
|
|
|a 913(437.33)
|2 MRF
|
| 080 |
|
|
|a 796.57
|2 MRF
|
| 080 |
|
|
|a (036)913
|2 MRF
|
| 100 |
1 |
|
|a Vahala, Miroslav
|7 jk01141102
|4 aut
|
| 245 |
1 |
0 |
|a Autem po ČSSR.
|n 3,
|p Morava a Slezsko /
|c Miroslav Vahala a kolektiv ; [ilustrovala Milena Bychlová ; mapová část Jiří Rohlík ; skici a mapy nakreslil Jiří Hedánek]
|
| 246 |
3 |
0 |
|a Morava a Slezsko
|
| 250 |
|
|
|a 1. vyd.
|
| 260 |
|
|
|a Praha :
|b Olympia,
|c 1973
|
| 300 |
|
|
|a 390 s., [10] s. mapových příl. :
|b il., mapy ;
|c 21 cm +
|e 4 příl.
|
| 500 |
|
|
|a 25000 výt.
|
| 500 |
|
|
|a Spoluvyd. Šport, Bratislava
|
| 500 |
|
|
|a Obsahuje rejstřík
|
| 500 |
|
|
|a Dostupné též v digitální podobě v aplikaci Kramerius
|
| 650 |
0 |
7 |
|a mototuristika
|z Česko
|7 ph115364
|2 czenas
|
| 651 |
|
7 |
|a Morava (Česko)
|7 ge130070
|2 czenas
|
| 651 |
|
7 |
|a Slezsko (Česko)
|7 ge138041
|2 czenas
|
| 655 |
|
7 |
|a turistické průvodce
|7 fd133738
|2 czenas
|
| 856 |
4 |
1 |
|u http://www.digitalniknihovna.cz/mzk/uuid/uuid:6d786e30-04ce-11e3-beb8-005056827e51
|y Digitalizovaný dokument
|x NDK
|
| 910 |
|
|
|a BOA001
|b TK-0169.905,3
|b PK-0069.170
|b 2-0710.008
|
| 920 |
|
|
|a 000388775
|
| 990 |
|
|
|a BK
|
| 991 |
|
|
|b 200507
|
| 996 |
6 |
|
|b 2619660813
|c 2-0710.008
|l Sklad H1
|r Sklad / do 24 hodin
|n 0
|h HS212
|w 000781865
|u 000050
|a 1
|e BOA001
|j MZK50
|s P
|
| 996 |
7 |
|
|b 3119814328
|c PK-0069.170
|l MZK
|r Sklad / do 1 hodiny
|n 0
|w 000781865
|u 000030
|a 1
|e BOA001
|j MZK50
|s A
|
| 996 |
6 |
|
|b BC-221351
|c TK-0169.905,3
|l MZK
|r Sklad / do 24 hodin
|n 0
|w 000781865
|u 000020
|a 1
|e BOA001
|j MZK50
|s P
|